000 00339nam a2200145Ia 4500
005 20251222153638.0
008 251222s9999||||xx |||||||||||||| ||spa||
020 _a8470505580
082 _a222.16/R27
100 _a Ratzinger, Joseph
245 0 _aPrincipios de Moral Cristiana
250 _a2da. Ed
264 _bEDICEP
942 _cLIB
999 _c32625
_d32625